000 00842nam a2200217 4500
003 CO-ViMGA
020 _a9789583053276
040 _aCO-ViMGA
_bspa
_cCO-ViMGA
082 0 4 _a070.44
_bL69c
100 1 _aLozano, Pilar,
_d1951-
_97703
245 1 0 _aCrecimos en la guerra :
_bCrónicas /
_cPilar Lozano.
260 _aBogotá :
_bPanamericana,
_c2016.
300 _a182 páginas ;
_b23 cm.
490 _aPlan Nacional de Lectura y Escritura Leer es mi Cuento / Ministerio de Cultura
650 1 4 _aConflictos armado
_xRelatos personales
_zColombia
_98621
650 1 4 _aCrónicas Colombianas
_92836
650 1 4 _aNiños victimas de la violencia
_xRelatos personales
_zColombia
_98619
650 1 4 _aVictimas de la violencia
_xRelatos de la violencia
_zColombia
_98620
700 1 _aFonseca Leal, Raquel Mireya,
_eeditora
_91881
942 _2ddc
_cBK
999 _c7622
_d7622